000 00446nam a22001577a 4500
003 OSt
005 20160523115424.0
008 160523b xxu||||| |||| 00| 0 eng d
020 _a0201311844
040 _cN/A
050 _aQA76.73
_b.A77 1998
100 _aDavid M. Arnow
245 _aIntroduction to programming using Java : an object-oriented approach
_c David M. Arnow, Gerald Weiss.
260 _bAddison Wesley
_c1998
942 _2lcc
_cBK
999 _c253945
_d253944